Desigualdad social reconsiderada-descubriendo puntos ciegos a través de vistas desde abajo /
Se plantea la necesidad de una sociología global de desigualdad social basada en tres correcciones substantivas de las investigaciones establecidas sobre desigualdad social: Primero, un cambio del enfoque de nación-Estado como unidad única de análisis a un enfoque global abarcando relaciones mundial...
Պահպանված է:
| Հիմնական հեղինակ: | |
|---|---|
| Ձևաչափ: | Տեքստ |
| Խորագրեր: | |
| Ցուցիչներ: |
Ավելացրեք ցուցիչ
Չկան պիտակներ, Եղեք առաջինը, ով նշում է այս գրառումը!
|
MARC
| LEADER | 00000 a a2200000 04500 | ||
|---|---|---|---|
| 001 | 41530 | ||
| 003 | |||
| 040 | |||
| 100 | |a Boatca, Manuela | ||
| 245 | |a Desigualdad social reconsiderada-descubriendo puntos ciegos a través de vistas desde abajo / |c Boatca | ||
| 520 | |a Se plantea la necesidad de una sociología global de desigualdad social basada en tres correcciones substantivas de las investigaciones establecidas sobre desigualdad social: Primero, un cambio del enfoque de nación-Estado como unidad única de análisis a un enfoque global abarcando relaciones mundiales de centro-margen al lado de desigualdades nacionales y regionales, y las conexiones entre ellas; segundo, un compromiso sistemático y explícito con las teorías de cambio social implícitas en los conceptos de desigualdad social y las conclusiones que resultan para la correspondiente definición de modernidad y lo moderno; y tercero, un énfasis en las dinámicas detrás de la emergencia de categorías a través de las cuales las estructuras de desigualdad fueron construidas históricamente, como por ejemplo procesos de construcción del otro como generización, racialización, y etnización, en vez de categorías estáticas como género, raza y origen étnico. | ||
| 590 | |a EFU/DICIEMBRE2011 | ||
| 650 | |a DESIGUALDAD SOCIAL | ||
| 650 | |a MODERNIDAD | ||
| 650 | |a DESCOLONIZACION | ||
| 650 | |a GLOBALIZACION | ||
| 650 | |a TEORIA | ||
| 650 | |a SOCIOLOGIA | ||
| 773 | |g 11. (enero-junio , 2009), páginas 115-140 | ||
| 999 | |c 24247 |d 24247 | ||
